000 00386nam a2200169Ia 4500
003 0100
008 130307s9999 xx 000 0 und d
040 _cARRUPELIB
050 _aLB375.P88
245 _aIgnatian Pedagogy
245 _ba practical approach
260 _aAnand, Gujarat-India
260 _bGujarat Sahitya Prakash
300 _a91p.
300 _b21cm.
942 0 0 _01
999 _c92527
_d92527